Loading...
| Science - Other | 3 | 2 | 1 | 1 | 60 | 64 | 81.20 | 2 | 5 | 0.00 | 0.00 |
| Fine Arts - Visual | 0 | 3 | 0 | 1 | 30 | 114 | 125.33 | 0 | 2 | 0.00 | 0.00 |
| History - European | 0 | 3 | 0 | 0 | 30 | 83 | 89.00 | 0 | 2 | 0.00 | 0.00 |
| Literature - British | 1 | 1 | 0 | 0 | 25 | 88 | 98.00 | 1 | 2 | 0.00 | 0.00 |
| History - World | 1 | 1 | 0 | 0 | 25 | 54 | 96.00 | 1 | 1 | 0.00 | 0.00 |
| Social Science | 0 | 2 | 0 | 1 | 20 | 96 | 114.00 | 1 | 1 | 0.00 | 0.00 |
| History - Ancient/Other | 0 | 2 | 0 | 0 | 20 | 135 | 135.50 | 0 | 1 | 0.00 | 0.00 |
| Current Events | 0 | 2 | 0 | 0 | 20 | 97 | 111.50 | 0 | 0 | 0.00 | 0.00 |
| Literature - European | 0 | 2 | 1 | 0 | 15 | 77 | 96.00 | 0 | 2 | 0.00 | 0.00 |
| Literature - World | 0 | 1 | 0 | 0 | 10 | 158 | 158.00 | 0 | 0 | 0.00 | 0.00 |
| Religion | 0 | 1 | 0 | 0 | 10 | 85 | 85.00 | 0 | 1 | 0.00 | 0.00 |
| Literature - American | 0 | 1 | 1 | 0 | 5 | 96 | 96.00 | 1 | 1 | 0.00 | 0.00 |